000 01249nam a22002657a 4500
005 20220611102652.0
008 220609b ||||| |||| 00| 0 eng d
020 _a9788191009507
040 _cAloy
041 _akan
082 _223
_aK894.1
_bVENK
100 _aVenkatachala Shastri T V: ವೆಂಕಟಾಚಲ ಶಾಸ್ತ್ರೀ ಟಿ ವಿ
_941928
245 _aKumaravyasabharata emba karnatabharatakathamanjari samputa 1: adipanchaka
_bಕುಮಾರವ್ಯಾಸಭಾರತ ಎಂಬ ಕರ್ಣಾಟಭಾರತಕಥಾಮಂಜರಿ ಸಂಪುಟ ೧: ಆದಿಪಂಚಕ
260 _aBengaluru
_bKannada Ganaka Parishattu
_c2022
300 _acxvii,1016p.
_bHB
_c28x22cm.
365 _2Kannada
_aBLCR-000035
_b850.00
_c
_d1000.00
_e15%
_f07-06-2022
440 _vVol.1
650 _aAdiparva: ಆದಿಪರ್ವ
_941558
650 _aSabhaparva: ಸಭಾಪರ್ವ
_941559
650 _aAranyaparva: ಅರಣ್ಯಪರ್ವ
_941560
650 _aVirataparva: ವಿರಾಟಪರ್ವ
_941561
650 _aUdyogaparva: ಉದ್ಯೋಗಪರ್ವ
_941562
700 _aVENKATACHALA SHASTRI (T V): ವೆಂಕಟಾಚಲ ಶಾಸ್ತ್ರೀ (ಟಿ ವಿ)
_941563
942 _2ddc
_cBK
999 _c223322
_d223322